00599nam a2200157 a 450000100100000000500170001000800410002704000250006808200140009324500610010726000370016830000210020571000860022695201120031299900170042400004188120201002035817.0131021s2000 dr 000 0 spa d aDO-SdBNPbspacBNPHU axxxxbxxx00aResumen de los aspectos principales de las NICS 35 a 39. aSanto Domingo, :bICPARD,c2000. a159 p. ;c21 cm.2 aInstituto de Contadores Públicos Autorizados de la República Dominicana97118 0010718PDaPDbPDcCTd2013-10-21iLF1l0oxxxx xxxp41881-10r2020-06-25w2020-06-25yLFPDZNo se presta c41370d41370